| 000 | 00739cab a2200241 4500 | ||
|---|---|---|---|
| 001 | WB2930-27 | ||
| 008 | 090401t1993 xxu||||| |||| 00| 0 eng d | ||
| 035 | _a(Sirsi) u89129 | ||
| 041 | _aeng | ||
| 245 | _aResorts urged to preserve heritage | ||
| 260 | _c1993 | ||
| 350 | _a0 | ||
| 490 |
_aTimes _v5 August 1993, 5 |
||
| 490 |
_aDaily Telegraph _v5 August 1993, 7(2) |
||
| 520 | _a"Turning the tide" (English Tourist Board) urges seaside resorts to preserve architectural heritage taking Weston-super-Mare as an example. | ||
| 650 | _aARCHITECTURAL CONSERVATION | ||
| 650 | _aCOASTAL RESORTS | ||
| 650 | _aENGLISH TOURIST BOARD | ||
| 650 | _aSEASIDE RESORTS | ||
| 690 | _aCONSERVATION | ||
| 942 | _n0 | ||
| 948 | _c04/03/1997 | ||
| 999 |
_c56356 _d56356 |
||